Linear Optimization and Extensions: (Record no. 7772)
[ view plain ]
| 000 -LEADER | |
|---|---|
| fixed length control field | 01299cam a22003134a 4500 |
| 001 - CONTROL NUMBER | |
| control field | 12357732 |
| 003 - CONTROL NUMBER IDENTIFIER | |
| control field | OSt |
| 005 - DATE AND TIME OF LATEST TRANSACTION | |
| control field | 20240412120320.0 |
| 008 - FIXED-LENGTH DATA ELEMENTS--GENERAL INFORMATION | |
| fixed length control field | 010326s2001 gw a b 000 0 eng |
| 010 ## - LIBRARY OF CONGRESS CONTROL NUMBER | |
| LC control number | 2001020974 |
| 020 ## - INTERNATIONAL STANDARD BOOK NUMBER | |
| International Standard Book Number | 3540417443 (pbk. : alk. paper) |
| 040 ## - CATALOGING SOURCE | |
| Original cataloging agency | DLC |
| Transcribing agency | DLC |
| Modifying agency | DLC |
| 042 ## - AUTHENTICATION CODE | |
| Authentication code | pcc |
| 050 00 - LIBRARY OF CONGRESS CALL NUMBER | |
| Classification number | T57.74 |
| Item number | .A44 2001 |
| 082 00 - DEWEY DECIMAL CLASSIFICATION NUMBER | |
| Classification number | 519. ALE 2001 |
| 100 1# - MAIN ENTRY--PERSONAL NAME | |
| Personal name | Alevras, Dimitris; Padberg, Manfred. W. |
| 9 (RLIN) | 15841 |
| 245 10 - TITLE STATEMENT | |
| Title | Linear Optimization and Extensions: |
| Remainder of title | problems and solutions |
| 260 ## - PUBLICATION, DISTRIBUTION, ETC. (IMPRINT) | |
| Place of publication, distribution, etc. | Berlin ; |
| Name of publisher, distributor, etc. | Springer, |
| Date of publication, distribution, etc. | 2001. |
| 300 ## - PHYSICAL DESCRIPTION | |
| Extent | ix, 449 p. : |
| Other physical details | ill. ; |
| Dimensions | 25 cm. |
| 490 0# - SERIES STATEMENT | |
| Series statement | Universitext |
| 504 ## - BIBLIOGRAPHY, ETC. NOTE | |
| Bibliography, etc | Includes bibliographical references (p. 429-443) and index. |
| 650 #0 - SUBJECT ADDED ENTRY--TOPICAL TERM | |
| Topical term or geographic name as entry element | Linear programming |
| 9 (RLIN) | 15842 |
| 650 #0 - SUBJECT ADDED ENTRY--TOPICAL TERM | |
| Topical term or geographic name as entry element | Mathematical optimization |
| 9 (RLIN) | 15843 |
| 856 42 - ELECTRONIC LOCATION AND ACCESS | |
| Materials specified | Publisher description |
| Uniform Resource Identifier | http://www.loc.gov/catdir/enhancements/fy0816/2001020974-d.html |
| 856 41 - ELECTRONIC LOCATION AND ACCESS | |
| Materials specified | Table of contents only |
| Uniform Resource Identifier | http://www.loc.gov/catdir/enhancements/fy0816/2001020974-t.html |
| 906 ## - LOCAL DATA ELEMENT F, LDF (RLIN) | |
| a | 7 |
| b | cbc |
| c | orignew |
| d | 1 |
| e | ocip |
| f | 20 |
| g | y-gencatlg |
| 942 ## - ADDED ENTRY ELEMENTS (KOHA) | |
| Source of classification or shelving scheme | Dewey Decimal Classification |
| Koha item type | Open Shelf |
| Withdrawn status | Lost status | Source of classification or shelving scheme | Damaged status | Not for loan | Home library | Current library | Date acquired | Source of acquisition | Inventory number | Total Checkouts | Full call number | Barcode | Date last seen | Price effective from | Koha item type |
|---|---|---|---|---|---|---|---|---|---|---|---|---|---|---|---|
| Dewey Decimal Classification | MUST Main Library | MUST Main Library | 02/03/2022 | Purchase | 12/35779 | 519.ALE 2001 | 2022-0366 | 02/03/2022 | 02/03/2022 | Open Shelf | |||||
| Dewey Decimal Classification | MUST Main Library | MUST Main Library | 02/03/2022 | Purchase | 13/37137 | 519.ALE 2001 | 2022-0367 | 02/03/2022 | 02/03/2022 | Open Shelf | |||||
| Dewey Decimal Classification | MUST Main Library | MUST Main Library | 02/03/2022 | Purchase | 12/35780 | 519.ALE 2001 | 2022-0368 | 02/03/2022 | 02/03/2022 | Open Shelf | |||||
| Dewey Decimal Classification | MUST Main Library | MUST Main Library | 02/03/2022 | Purchase | 12/35781 | 519.ALE 2001 | 2022-0369 | 02/03/2022 | 02/03/2022 | Open Shelf |
